Online katalóg knižníc regiónu Turca

Prví doma (Record no. 22719)

MARC details
000 -LEADER
fixed length control field 00966nam a22002891a 4500
001 - CONTROL NUMBER
control field 22719
003 - CONTROL NUMBER IDENTIFIER
control field SK-KTurca
005 - DATE AND TIME OF LATEST TRANSACTION
control field 20260421152128.0
008 - FIXED-LENGTH DATA ELEMENTS--GENERAL INFORMATION
fixed length control field 090725s1984 SK r 000 slo d
035 ## - SYSTEM CONTROL NUMBER
System control number (SVKBBclas03)vtls000167116
040 ## - CATALOGING SOURCE
Original cataloging agency SVKBB
Language of cataloging slo
Transcribing agency SVKBB
Description conventions AACR2
041 0# - LANGUAGE CODE
Language code of text/sound track or separate title slo
080 ## - UNIVERSAL DECIMAL CLASSIFICATION NUMBER
Universal Decimal Classification number 94(437.6)"1944/1945"
080 ## - UNIVERSAL DECIMAL CLASSIFICATION NUMBER
Universal Decimal Classification number 355.4"1944/1945"
080 ## - UNIVERSAL DECIMAL CLASSIFICATION NUMBER
Universal Decimal Classification number 94(437)"1944/1945"
100 1# - MAIN ENTRY--PERSONAL NAME
Personal name Fajtl, František
245 00 - TITLE STATEMENT
Title Prví doma
Statement of responsibility, etc. František Fajtl; z čes. orig. prel. Mária Korbellová; fotogr. Ladislav Valoušek
250 ## - EDITION STATEMENT
Edition statement 1. vyd.
260 ## - PUBLICATION, DISTRIBUTION, ETC.
Place of publication, distribution, etc. Bratislava
Name of publisher, distributor, etc. Pravda
Date of publication, distribution, etc. 1984
300 ## - PHYSICAL DESCRIPTION
Extent 284 s.
Accompanying material Viaz. príl.
650 07 - SUBJECT ADDED ENTRY--TOPICAL TERM
Topical term or geographic name entry element Slovenské národné povstanie (1944)
General subdivision spomienky
Source of heading or term hŠVKBB
650 07 - SUBJECT ADDED ENTRY--TOPICAL TERM
Topical term or geographic name entry element protifašistický odboj
Geographic subdivision Stredoslovenský kraj
Chronological subdivision 1944-1945
Source of heading or term hŠVKBB
700 1# - ADDED ENTRY--PERSONAL NAME
Personal name Korbellová, Mária
Relationship trl
700 1# - ADDED ENTRY--PERSONAL NAME
Personal name Valoušek, Ladislav
Relationship pht
942 ## - ADDED ENTRY ELEMENTS (KOHA)
Source of classification or shelving scheme Dewey Decimal Classification
Koha item type Krásna literatúra pre dospelých
Suppress in OPAC No
Holdings
Stav vyradenia Strata Poškodenie Spôsob nadobudnutia Domovská knižnica Aktuálna knižnica Dátum nadobudnutia Total checkouts Čiarový kód exemplára Date last seen Typ exemplára
      Dar Obecná knižnica Horná Štubňa Obecná knižnica Horná Štubňa 21.04.2026   4736202248 21.04.2026 Krásna literatúra pre dospelých
Projekt je podporený Slovenskou asociáciou knižníc
Prevádzkuje Turčianska knižnica Martin 2026